|
|
|
|
| LEADER |
00000nab#a22000007a#4500 |
| 001 |
arbauad003967 |
| 003 |
AR-BaUAD |
| 005 |
20250711110616.0 |
| 008 |
940404|||||||||###||||||b###|0###a|spa|| |
| 040 |
|
|
|a AR-BaUAD
|c AR-BaUAD
|b spa
|
| 245 |
1 |
0 |
|a Edificio Flores, Bolivia 400, entre Avellaneda y Bogotá, Buenos Aires
|
| 300 |
0 |
|
|b fot., plantas
|
| 653 |
|
|
|a EDIFICIOS DE VIVIENDAS
|
| 653 |
|
|
|a EDIFICIO FLORES
|
| 653 |
|
|
|a CALDERARO, DANTE
|
| 653 |
|
|
|a LEMME, JULIO
|
| 653 |
|
|
|a BUENOS AIRES, CIUDAD
|
| 653 |
|
|
|a ARGENTINA
|
| 773 |
0 |
|
|t SUMMA
|g no. 18 [set. 1969], p. 49-51
|
| 942 |
|
|
|c ARTI
|
| 952 |
|
|
|0 0
|1 0
|4 0
|7 0
|9 48887
|a AR-BAuAD
|b AR-BAuAD
|d 2025-07-11
|l 0
|p AAQA003967
|r 2025-07-11 11:06:16
|w 2025-07-11
|y ARTI
|
| 990 |
|
|
|a AQ196
|b TD
|
| 998 |
|
|
|a AAQ
|b BIBUN76
|
| 999 |
|
|
|c 28560
|d 28560
|